[Event "Lima Surco op 2nd"]
[Site "Lima"]
[Date "2017.07.09"]
[Round "4"]
[White "Diaz Ramirez, Jose Carlos"]
[Black "Varillas Jimenes, Ivan"]
[Result "1/2-1/2"]
[WhiteElo "1284"]
[BlackElo "1582"]
[PlyCount "25"]
[EventDate "2017.07.08"]
[EventType "swiss"]
[EventRounds "9"]
[EventCountry "PER"]
[SourceTitle "EXT 2018"]
[Source "ChessBase"]
[SourceDate "2017.10.13"]
[SourceVersion "1"]
[SourceVersionDate "2017.10.13"]
[SourceQuality "1"]

1. e4 c6 2. d4 g6 3. Nf3 d5 4. e5 Bg7 5. Bd3 Bg4 6. Nbd2 c5 7. c3 Nc6 8. h3 Bxf3 9. Nxf3 e6 10. 0-0 h5 11. Re1 Qc7 12. Bb5 Nge7 13. Bf4 1/2-1/2